| 000 | 00421nam a2200157 a 4500 | ||
|---|---|---|---|
| 001 | 6021 | ||
| 003 | CDMR | ||
| 005 | 20130802113434.0 | ||
| 008 | 130220s1998||||||||||||||||||||||||||||d | ||
| 040 |
_aCDMR _bcat _cCPC LLEIDA |
||
| 110 |
_aInstitut d'Estudis Ilerdencs _93010 |
||
| 245 | 1 | 3 |
_aLo campaner _cInstitut d'Estudis Ilerdencs |
| 260 |
_aLleida _bIEI _c1998 |
||
| 500 | _aReculll revista "Lo campaner" | ||
| 942 |
_cMON _2udc |
||
| 999 |
_c6021 _d6021 |
||